000 00755nam a2200205 a 4500
003 0
005 20250407090438.0
008 050809s19uu xx 00 eng d
050 _aPGS LB 3060.33.P47
_b.P985 2005
100 _aPuracan, Giel Alem T.
245 _aThe perceptions of grade 6 students on their academic performance for SY 2003-2005 /
_cGiel Alem T. Puracan.
260 _aLas PiƱas City, Philippines :
_bSouthville International School and Colleges,
_c2005.
300 _a24 pages :
_billustrations ;
_c28 cm.
504 _aIncludes bibliographical references.
650 _aAcademic achievement.
650 _aSelf-evaluation in education.
650 _aStudent perception.
650 _aSixth grade (Education).
942 _2lcc
_cPASS
999 _c97417
_d97417